000 00598nam a2200241 a 4500
001 nice12345678
003 IN_TiNIC
005 20260116013549.0
008 050524s1969 ista grp 000 0 ara
020 _a
_c100
082 0 0 _a297.4
_bARA1
100 _aArabi, Ibn
245 _aAl-Bulga Fi`l-Hikme
_b Felsefede Yeterlilik.
260 _aIstanbul
_bUniversity of Istanbul
_c1969
300 _a288p
500 _aincludes index and biblioraphy
505 2 _aArabic-English
650 _aSufism-Ibn Arabi
700 1 _aArabi, Ibn
902 _bSRS
942 _cBK
999 _c11486
_d11486